01408nam a2200157 a 4500008004100000020001500041041000800056100001600064245003500080250004800115260003300163300001100196500007100207505096100278655001101239161216e1987 ag ||||| |||| 00| f spa d a9500403595 aspa1 aCook, Robin aMédico interno /cRobin Cook a1a ed. 7a reimp.bTraducción Maricel Ford aBuenos Aires:bEmece;c1987. a296 p. aCook, R. (1987). Médico interno. (1a ed.). Buenos Aires : Emece. aRobin Cook, autor del gran best seller Coma, y de tantos otros éxitos, cirujano oftalmólogo y profesor en Haward, conoce como nadie el ambiente en que se desarrolla la medicina. Esta novela absolutamente diferente de sus otros libros, es una crítica apasionante, veraz y constructiva, contra el sistema formativo de las universidades. Es un verdadero llamado a la reflexión escrito con toda la atracción imaginativa que el tema sugiere. Un joven médico en su primer año de internado en un gran hospital. Lleno de dudas y temores, sin experiencia, en un estado constante de agotamiento físico y psíquico, se ve pronto obligado a cargar con responsabilidades para las que no está capacitado, y a tomar rápidas decisiones que afectan vidas humanas. Es una experiencia dura matizada de episodios tragicómicos, que pone a prueba su vocación y sus ideales. Interesará por igual a médicos, pacientes, y a los que se mantienen sanos.  aNovela